Óptica (Registo nº 6013)

Detalhes MARC
000 -Etiqueta do registo
Valores 00671cam a2200229 4500
010 ## - Número ISBN
ISBN 9723109670
021 ## - Número do Depósito Legal
Número 183331/02
100 ## - Dados gerais de processamento
Dados gerais 20211231d2002 m||y0pory5003 ba
200 1# - Titulo e menção de responsabilidade
Título próprio Óptica
Primeira menção de responsabilidade Eugene Hecht
Outras menções de responsabilidade trad. José Manuel N. V. Rebordão
205 ## - Menção da edição
Edição 2ª ed.
210 #9 - Publicação
Local de publicação Lisboa
Nome do editor Fundação Calouste Gulbenkian
Data de publicação 2002
215 ## - Descrição física 
Paginação / Volumes 790, [1] p.
Outras indicações físicas il.
304 ## - Nota relativa ao título
Texto de nota Tít. orig.: Optics
606 ## - Nome comum usado como assunto
ID Autoridade 5695
Palavra de ordem Ciências Exatas
Subdivisão assunto Física
675 ## - CDU
Notação 535
Edição BN
Língua por
700 ## - Autor principal (pessoa individual)
Apelido Hetcht
Nome Eugene
Datas 1931-
ID Autoridade 5698
702 ## - Autor secundário (pessoa individual)
Apelido Rebordão
Nome José Manuel N. V.
Datas 1956-
ID Autoridade 5699
801 ## - Fonte de origem
País PT
Agência BMVN
Regras de catalogação RPC
830 ## - Notas gerais do catalogador
Criado por Inês Silva
Data de criação 31/12/2021
990 ## - Elementos KOHA
Tipo de documento Livro
Exemplares
Situação do levantamento Biblioteca de origem Localização na Estante Código de barras Cota Permissão de empréstimo Tipo de documento Forma de aquisição
  Biblioteca Municipal de Vendas Novas EM DEPOSITO 100000032248 CE FIS/OPT   Livro  

Powered by Koha